Ολοκληρωμένη διαχείριση παράκτιας αστικής ζώνης : Π. Φάληρο έως Βουλιαγμένη : μεταπτυχιακή διατριβή

Saved in:
Bibliographic Details
Main Author: Κουτσούμπα, Κωνσταντίνα Ι.
Corporate Author: Πανεπιστήμιο Αιγαίου Σχολή Περιβάλλοντος Τμήμα Επιστημών της Θάλασσας Πρόγραμμα Μεταπτυχιακών Σπουδών Διαχείριση Παράκτιων Περιοχών
Other Authors: Μέξα, Αλεξάνδρα (Thesis advisor)
Format: Thesis Book
Language:Greek
Published: Μυτιλήνη : Πανεπιστήμιο Αιγαίου, Τμήμα Επιστημών της Θάλασσας, Μεταπτυχιακό Πρόγραμμα Σπουδών Διαχείριση Παράκτιων Περιοχών, 2003
Subjects:
Tags: Add Tag
No Tags, Be the first to tag this record!

MARC

LEADER 00000cam a2200000 i 4500
001 1/25336
008 060301s2003 gre d
035 |l 10082888 
040 |a GR-MY-UA  |b gre  |e aacr 
041 0 |a gre 
082 0 |a 333.917  |2 (22) 
100 1 |a Κουτσούμπα, Κωνσταντίνα Ι. 
245 1 0 |a Ολοκληρωμένη διαχείριση παράκτιας αστικής ζώνης :  |b Π. Φάληρο έως Βουλιαγμένη : μεταπτυχιακή διατριβή /  |c Κωνσταντίνα Ι. Κουτσούμπα ; υπεύθυνη καθηγήτρια Αλεξάνδρα Μέξα 
260 |a Μυτιλήνη :   |b Πανεπιστήμιο Αιγαίου, Τμήμα Επιστημών της Θάλασσας, Μεταπτυχιακό Πρόγραμμα Σπουδών Διαχείριση Παράκτιων Περιοχών,   |c 2003 
300 |a 125 σ.;  |b χαρτ., εικ., πιν.;  |c 30 εκ. 
502 # # |a Διατριβή (μεταπτυχιακή) – Πανεπιστήμιο Αιγαίου, Λέσβος, 2003. 
504 |a Βιβλιογραφία: 97-101 
650 0 0 |a Coastal zone management  |z Greece  |z Attike. 
650 0 0 |a Dissertations, Academic  |z Greece. 
700 1 |a Μέξα, Αλεξάνδρα.  |4 ths 
710 2 |a Πανεπιστήμιο Αιγαίου  |b Σχολή Περιβάλλοντος  |b Τμήμα Επιστημών της Θάλασσας  |b Πρόγραμμα Μεταπτυχιακών Σπουδών Διαχείριση Παράκτιων Περιοχών. 
852 |a INST  |b LESVOS  |c DIATR  |e 20060301  |h 3  |p 005100035651  |q 005100035651  |t MTXE  |y 23 
852 |a INST  |b LESVOS  |c DIATR  |e 20060301  |h 4  |p 005100035600  |q 005100035600  |t MTXE  |y 23 
901 |a BIBL1-2006-1 
909 |a Λ  |b 107991 
909 |a Λ  |b 107992 
924 |a ΚΟΥΤΣΟΥΜΠΑ  |b ΚΩΝΣΤΑΝΤΙΝΑ Ι.  |y ΛΕΣΒΟΣ  |z 2004-01 
970 |a ΜΑΡΙΝΑΤΟΥ  |b ΜΥΡΣΙΝΗ  |z 2006/03/01